000 00218nam a22001097a 4500
041 _aENG
245 _aLINGO
260 _aillinois
_bLindo Systems Inc
_c1998
300 _a520
650 _aComputer
856 _uComputer
999 _c740
_d740